LEADER 01058nam0 22002531i 450 001 UON00056058 005 20231205102247.85 100 $a20020107d1982 |0itac50 ba 101 $aind 102 $aID 105 $a|||| 1|||| 200 1 $aAntologi esai dan kritik sastra$fPutu Arya Tirtawirya 210 $aFlores$cPenerbit Nusa Indah$d1982 215 $aVIII, 96 p.$d21 cm 620 $dFlores$3UONL001658 686 $aINDS VI BB$cINDONESIA - LETTERATURA MODERNA - CRITICA$2A 700 1$aTIRTAWIRYA$bPutu Arya$3UONV006617$0638738 712 $aNusa Indah$3UONV246166$4650 801 $aIT$bSOL$c20240220$gRICA 912 $aUON00056058 950 $aSIBA - SISTEMA BIBLIOTECARIO DI ATENEO$dSI DOPPI 358 $eSI SA 66353 7 950 $aSIBA - SISTEMA BIBLIOTECARIO DI ATENEO$dSI INDS VI BB 039 $eSI SA 53199 5 039 996 $aAntologi esai dan kritik sastra$91148463 997 $aUNIOR